| 000 | 01211nam0a22002771 4500 | ||
|---|---|---|---|
| 001 | rc\4437879 | ||
| 005 | 20260524041609.0 | ||
| 021 |
_aRU _b[57-39431] |
||
| 035 | _a(NLR Aleph) 008579663 | ||
| 090 |
_a8576980 _c8576980 |
||
| 100 | _a20130416d1957 |||y0rusy50 ca | ||
| 101 | 0 | _arus | |
| 102 | _aRU | ||
| 105 | _ay z ||||| | ||
| 200 | 1 |
_aИзложения и сочинения в 5-7 классах _e(Из опыта работы учителей школ г. Саратова) _eСборник статей _fСарат. гор. отд. нар. образования. Гор. ин-т усовершенствования учителей |
|
| 210 |
_aСаратов _cБ. и. _d1957 |
||
| 215 |
_a80 с. _d20 |
||
| 225 | 1 | _a[В помощь учителю] | |
| 606 |
_aРусский язык _jПисьменные работы _2psbo |
||
| 606 |
_aРусский язык _xМетодика преподавания _2psbo |
||
| 712 | 0 | 2 |
_aСаратовский городской институт усовершенствования учителей _9415504 _3RU\NLR\AUTH\889959658 |
| 801 | 0 |
_aRU _bNLR _gpsbo |
|
| 801 | 1 |
_aRU _bELAR _2rusmarc |
|
| 852 |
_aNLR _j57-4/10116 |
||
| 942 | _cBOOK | ||
| 980 | _aNB | ||